[Event "Moscow Region Spring-A"]
[Site "Serpukhov"]
[Date "2011.05.04"]
[Round "7"]
[White "Medvedev, Vladimir"]
[Black "Koludarov, Anatoliy"]
[Result "1-0"]
[WhiteElo "2101"]
[BlackElo "2195"]
[PlyCount "79"]
[EventDate "2011.04.30"]
[EventType "tourn"]
[EventRounds "9"]
[EventCountry "RUS"]
[SourceTitle "EXT 2022"]
[Source "ChessBase"]
[SourceDate "2021.10.06"]
[SourceVersion "1"]
[SourceVersionDate "2021.10.06"]
[SourceQuality "1"]

1. Nf3 f5 2. d3 Nf6 3. Nbd2 d6 4. g3 e5 5. e4 Nc6 6. Nh4 f4 7. Nc4 Be6 8. b3 d5 9. exd5 Bxd5 10. Ng2 Bb4+ 11. Bd2 0-0 12. Bxb4 Nxb4 13. Nxe5 fxg3 14. hxg3 Qe7 15. f4 Rae8 16. c3 Nc6 17. d4 Qd6 18. Qe2 Ne4 19. Qd3 Qa3 20. Ne3 Qb2 21. Nxd5 Qxa1+ 22. Ke2 Qxa2+ 23. Ke3 Ng5 24. Be2 Nxe5 25. dxe5 c6 26. Nc7 Rd8 27. Qc4+ Kh8 28. Ne6 Qd2+ 29. Kf2 Nxe6 30. Qxe6 Qd5 31. Rxh7+ Kxh7 32. Qh3+ Kg8 33. Bc4 Qxc4 34. bxc4 Rd3 35. Qe6+ Kh8 36. Qe7 Rfd8 37. e6 Rd2+ 38. Kf3 R8d3+ 39. Kg4 Rg2 40. Qf8+ 1-0

[Event "Mozhaisk"]
[Site "Mozhaisk"]
[Date "2007.09.09"]
[Round "4"]
[White "Khamitskiy, Sergei"]
[Black "Koludarov, Anatoliy"]
[Result "1-0"]
[WhiteElo "2426"]
[BlackElo "2224"]
[PlyCount "79"]
[EventDate "2007.09.07"]
[EventType "tourn"]
[EventRounds "11"]
[EventCountry "RUS"]
[EventCategory "2"]
[SourceTitle "EXT 2009"]
[Source "ChessBase"]
[SourceDate "2008.11.26"]
[SourceVersion "1"]
[SourceVersionDate "2008.11.26"]
[SourceQuality "1"]

1. d4 e6 2. c4 f5 3. g3 Nf6 4. Bg2 d5 5. Nh3 Be7 6. 0-0 0-0 7. b3 c6 8. Nd2 Ne4 9. Bb2 Nd7 10. Nxe4 fxe4 11. f3 exf3 12. exf3 Rf6 13. Re1 Nf8 14. Nf2 h5 15. f4 Rh6 16. Qe2 Bb4 17. Red1 Qf6 18. Bf3 Qf5 19. Nd3 Bd6 20. c5 Bc7 21. a4 Bd7 22. Bc1 Be8 23. b4 a6 24. Bd2 Bg6 25. Ne5 Bxe5 26. fxe5 Rh7 27. b5 axb5 28. axb5 Rxa1 29. Rxa1 Qc2 30. Bg5 Qc3 31. Ra8 Qxd4+ 32. Qf2 Qxf2+ 33. Kxf2 Rh8 34. Rb8 Bd3 35. b6 Ba6 36. Be2 Bxe2 37. Kxe2 Kf7 38. Rxb7+ Kg6 39. Be7 Kf5 40. Rb8 1-0